Normal view
MARC view
Entry Personal Name
001 - CONTROL NUMBER
- control field: 18048
003 - CONTROL NUMBER IDENTIFIER
- control field: BD-RjUL
005 - DATE AND TIME OF LATEST TRANSACTION
- control field: 20260407123454.0
008 - FIXED-LENGTH DATA ELEMENTS
- fixed length control field: 260407|| aca||aabn | a|a d
040 ## - CATALOGING SOURCE
- Original cataloging agency: BD-RjUL
- Transcribing agency: BD-RjUL
100 ## - HEADING--PERSONAL NAME
- Personal name: Roberts, Larry S.,
- Dates associated with a name: 1935-
670 ## - SOURCE DATA FOUND
- Source citation: Work cat.: (BD-RjUL)86331: Roberts, Larry S., 1935-, Gerald D. Schmidt & Larry S. Roberts' foundations of parasitology /